000 01515nam a2200229Ia 4500
003 Ost
005 20260507075325.0
008 260507s9999||||xx |||||||||||||| ||und||
040 _cfsecg
041 _aara
082 _a158.7
100 _aموسى، فتحي محمد
_eمؤلف
245 0 _aالتكيف في المؤسسات الصناعية /
_c فتحي محمد موسى
260 _aعمان:
_bدار زهران للنشر والتوزيع,
_c2012
300 _a200 صفحة؛
_bإيضاحات ؛
_c25 سم
504 _aببليوغرافيا: ص.199
520 _aمدخل إلى علم النفس : خصائص علم النفس الحديث : أهداف علم النفس – الفصل الثاني : تكيف العمل للعامل : علم النفس الهندسي : دراسة الحركة والزمن – الفصل الثالث : الظروف الفيزيائية للعمل : تمهيد : الإضاءة : شدة افضاءة : توزيع الإضاءة – الفصل الرابع : التعب والملل : طبيعة التعب وتعريفه : اسباب التعب وأنواعه : الفروق الفردية والإحساس بالتعب – الفصل الخامس : حوادث العمل والأمن الصناعي : تمهيد : تعريف الحادثة : التصنيف العلمي للحوادث ...
653 _aالتكيف الاجتماعي
653 _aعلم النفس الإجتماعي
653 _aعلم النفس الصناعي
942 _cكتاب
999 _c43962
_d43962